000 00317nam a2200121Ia 4500
005 20260326235458.0
008 260326s9999||||xx |||||||||||||| ||und||
100 _aMorley, Sylvanus G.
245 0 _aLa Civilización Maya /
_cSylvanus G. Morley
260 _bFondo de Cultura Económica
300 _a527 p.
942 _cBK
999 _c8006
_d8006